00962cam a22002654a 45000010009000000050017000090080041000260100017000670200043000840200040001270200026001670400018001930420008002110500020002191000030002392450071002692500012003402600042003523000074003945040051004685380102005196500028006216500018006496500029006671406554020170119100141.0050805s2007 maua b 001 0 eng  a 2005053354 a9780073135663 (softcover : alk. paper) a0073135666 (softcover : alk. paper) a9780073222585 (CDROM) aDLCcDLCdDLC apcc00aHD66b.T82 20071 aTubbs, Stewart L.,d1943-12aA systems approach to small group interaction /cStewart L. Tubbs. a9th ed. aBoston, Mass. :bMcGraw-Hill,cc2007. a1 v. (various pagings) :bcol. ill. ;c24 cm.e1 CD-ROM (4 3/4 in.) aIncludes bibliographical references and index. aSystem requirements for accompanying CD-ROM: IBM PC or 100% compatible system; Microsoft Windows. 0aTeams in the workplace. 0aSmall groups. 0aOrganizational behavior.